Tres mujeres al cuadrado

שמור ב:
מידע ביבליוגרפי
מחבר ראשי: Méndez, José María
פורמט: ספר
שפה:Undetermined
יצא לאור: San Salvador, El Salvador Ministerio de Educación 1963
נושאים:
תגים: הוספת תג
אין תגיות, היה/י הראשונ/ה לתייג את הרשומה!

MARC

LEADER 00000nam a2200000Ia 4500
008 170316s9999 xx 000 0 und d
040 |a cru BVZT 
090 |a 860 M-17t 
100 |a Méndez, José María 
245 |a Tres mujeres al cuadrado 
260 |a San Salvador, El Salvador 
260 |b Ministerio de Educación 
260 |c 1963 
300 |a 225 páginas 
650 |a LITERATURA LATINOAMERICANA 
999 |c 8920  |d 8920 
942 |c 15 D  |h 860 M-17t  |2 z